MyGZULibrary

The history of Africa : (Record no. 452)

MARC details
000 -LEADER
fixed length control field 01092cam a22003254a 4500
001 - CONTROL NUMBER
control field 14444546
003 - CONTROL NUMBER IDENTIFIER
control field GZU
005 - DATE AND TIME OF LATEST TRANSACTION
control field 20200828134848.0
008 - FIXED-LENGTH DATA ELEMENTS--GENERAL INFORMATION
fixed length control field 060710s2007 nyuab b 001 0 eng
010 ## - LIBRARY OF CONGRESS CONTROL NUMBER
LC control number 2006021528
015 ## - NATIONAL BIBLIOGRAPHY NUMBER
National bibliography number GBA676104
Source bnb
016 7# - NATIONAL BIBLIOGRAPHIC AGENCY CONTROL NUMBER
Record control number 013546848
Source Uk
020 ## - INTERNATIONAL STANDARD BOOK NUMBER
International Standard Book Number 0415771382 (hbk.)
020 ## - INTERNATIONAL STANDARD BOOK NUMBER
International Standard Book Number 9780415844550 (pbk.)
035 ## - SYSTEM CONTROL NUMBER
System control number (OCoLC)ocm70291948
040 ## - CATALOGING SOURCE
Original cataloging agency DLC
Transcribing agency DLC
Modifying agency BAKER
-- BWKUK
-- BTCTA
-- YDXCP
-- UKM
-- COO
-- NLGGC
-- BWK
-- XVF
-- OCLNG
-- CPE
-- DLC
042 ## - AUTHENTICATION CODE
Authentication code pcc
043 ## - GEOGRAPHIC AREA CODE
Geographic area code f------
050 00 - LIBRARY OF CONGRESS CALL NUMBER
Classification number DT20
Item number .ASA 2014
100 1# - MAIN ENTRY--PERSONAL NAME
Personal name Asante, Molefi Kete,
Dates associated with a name 1942-
Relator term author
245 14 - TITLE STATEMENT
Title The history of Africa :
Remainder of title the quest for eternal harmony /
Statement of responsibility, etc. Molefi Kete Asante.
260 ## - PUBLICATION, DISTRIBUTION, ETC.
Place of publication, distribution, etc. New York ;
-- London :
Name of publisher, distributor, etc. Routledge,
Date of publication, distribution, etc. 2014.
300 ## - PHYSICAL DESCRIPTION
Extent xvii, 399p. :
Other physical details ill., map ;
Dimensions 24 cm.
500 ## - GENERAL NOTE
General note Includes bibliographical references and index.
504 ## - BIBLIOGRAPHY, ETC. NOTE
Bibliography, etc. note Includes bibliographical references and index.
651 #0 - SUBJECT ADDED ENTRY--GEOGRAPHIC NAME
Geographic name Africa
General subdivision History.
651 #0 - SUBJECT ADDED ENTRY--GEOGRAPHIC NAME
Geographic name Africa
General subdivision Civilization.
906 ## - LOCAL DATA ELEMENT F, LDF (RLIN)
a 7
b cbc
c orignew
d 1
e ocip
f 20
g y-gencatlg
942 ## - ADDED ENTRY ELEMENTS (KOHA)
Source of classification or shelving scheme Library of Congress Classification
Koha item type Books
Classification part 20
Item part ASA
Call number prefix DT
Edition 2nd ed.
Holdings
Withdrawn status Lost status Source of classification or shelving scheme Damaged status Not for loan Collection code Home library Current library Shelving location Date acquired Total Checkouts Full call number Barcode Date last seen Date last checked out Copy number Price effective from Koha item type
    Library of Congress Classification     Non-fiction City Campus Library City Campus Library General Stacks 08/28/2020 2 DT20 ASA 2014 026792 05/14/2024 05/08/2024 c. 1 08/28/2020 Books
    Library of Congress Classification     Non-fiction City Campus Library City Campus Library General Stacks 09/24/2014   DT20 ASA 2014 026793 09/02/2020   c. 2 09/02/2020 Books
    Library of Congress Classification     Non-fiction City Campus Library City Campus Library General Stacks 09/23/2014   DT20 ASA 2014 026984 09/02/2020   c. 3 09/02/2020 Books